| 000 | 00602nam a22001577a 4500 | ||
|---|---|---|---|
| 008 | 141107b xxu||||| |||| 00| 0 eng d | ||
| 050 | _aE302.F82 1987 | ||
| 100 |
_aFranklin, Benjamin _912500 |
||
| 245 |
_aBenjamin Franklin Writings _cBenjamin Franklin |
||
| 260 |
_aBoston _bThe Library of America _c1987 |
||
| 300 |
_a1605p. ; _c21cm. |
||
| 600 |
_aLemay, J.A. Leo (Joseph A. Leo) _y1935- _912501 |
||
| 650 |
_aPolitical and government _xcolonial period _yca. 1600-1775 _zUnited States _912502 |
||
| 650 |
_aPolitics and government _xRevolution _y1775-1783 _zUnited States _912503 |
||
| 942 |
_2lcc _cMONOGRAPH |
||
| 999 |
_c121203 _d121203 |
||